000 00466nam a2200181Ia 4500
005 20250326125836.0
008 250326s9999 xx 000 0 und d
037 _aTextbook
040 _aFMSL
_beng
_cFMSL
041 _aeng
_2eng
084 _aX:8 N4
_qFMSL
100 _aBonni C P
_9739799
245 0 _aManagement controls
_cBonni C P
260 _aNY
_bNY, McGraw-Hill
_c1964
300 _a341p
942 _cTB
_hX:8 N4
999 _c1279828
_d1279828